000 00445nam a2200181Ia 4500
005 20250603145240.0
008 250603s9999 xx 000 0 und d
020 _a9783498401
050 _aKP 148 .O7/
100 _aOrojo, Olakunle J.
245 0 _aLaw and practice of arbitration and conciliation in Nigeria
260 _aLagos
260 _bMbeyi & Associates.
260 _c1999
300 _a480 p
650 _aLagos
942 _cBK
999 _c41306
_d41306